00956 2200289 4500001002100000005001500021035002000036007000300056008004100059020002200100082000800122084001700130100001600147245005100163250003300214300003900247650003100286700002800317520015400345264004200499336002100541337003000562338002300592990001700615990001700632990001700649INLIS00000000004430020221020112256 a0010-1022000012ta221020 0  a978-623-7615-18-7 a819 aSR 819 DJO g0 aDjokolelono1 aGleger /cDjokolelono; ilustrator, Nai Rinaket aBabaran kapisan ing Mei 2022 a23 halaman :bilustrasi ;c21,5 cm 4aSastra Daerah di Indonesia0 aNai Rinaketeilustrator aDesa Kalibonang geger amarga polahe Wildhan lan Han. Lik DRimi tiba krengkangan, wedhus-wedhuse Bapake Wildhan oncat ora karu-karuan. Lha ana apa ta? aYogyakarta :bLingkarantarnusa,c2022 2rdacontentateks 2rdamediaatanpa perantara 2rdacarrieravolume a50969.63789. a50969.63789. a50969.63789.